000 00528nam a22001577a 4500
008 140923b xxu||||| |||| 00| 0 eng d
050 _aCB19.R653
100 _aRougemont, Denis de
_911494
245 _aMan's western quest
_bthe principles of civilisation /
_cDenis de Rougemont
260 _aLondon
_bGeorge Allen & Unwin
_c1957
300 _axii,197p. :
_c19cm.
440 _aWorld Perspectives
_nNo.13
_911610
650 _aCivilisation
_xPhilosophy
_911495
650 _aCivilisation
_xWestern
_911496
942 _2lcc
_cMONOGRAPH
999 _c120909
_d120909